MARC details
| 000 -CABECERA |
| campo de control de longitud fija |
01124nam a2200313 a 4500 |
| 001 - NÚMERO DE CONTROL |
| campo de control |
000019407 |
| 005 - FECHA Y HORA DE LA ÚLTIMA TRANSACCIÓN |
| campo de control |
20200929170017.0 |
| 008 - DATOS DE LONGITUD FIJA--INFORMACIÓN GENERAL |
| campo de control de longitud fija |
100628s1983 sp 000 p spa d |
| 020 ## - NÚMERO INTERNACIONAL ESTÁNDAR DEL LIBRO |
| Número Internacional Estándar del Libro |
8427703155 |
| 040 ## - FUENTE DE LA CATALOGACIÓN |
| Centro catalogador/agencia de origen |
DO-SdBNP |
| Lengua de catalogación |
spa |
| Centro/agencia transcriptor |
BNPHU |
| 082 ## - NÚMERO DE LA CLASIFICACIÓN DECIMAL DEWEY |
| Número de clasificación |
861.6 |
| Número de documento/Ítem |
A833a |
| 049 ## - FONDOS LOCALES (OCLC) |
| Fondos de biblioteca |
BNGR |
| 100 1# - ENTRADA PRINCIPAL--NOMBRE DE PERSONA |
| Nombre de persona |
Asis, María Dolores de, |
| 9 (RLIN) |
41661 |
| 245 10 - MENCIÓN DE TÍTULO |
| Título |
Antología de poetas españoles contemporáneos / |
| Mención de responsabilidad, etc. |
María Dolores de Asis. |
| 260 ## - PUBLICACIÓN, DISTRIBUCIÓN, ETC. |
| Lugar de publicación, distribución, etc. |
Madrid : |
| Nombre del editor, distribuidor, etc. |
Narcea, |
| Fecha de publicación, distribución, etc. |
1983. |
| 300 ## - DESCRIPCIÓN FÍSICA |
| Extensión |
v ; |
| Dimensiones |
18 cm. |
| 490 1# - MENCIÓN DE SERIE |
| Mención de serie |
Bitácora |
| Designación de volumen o secuencia |
60 |
| 490 1# - MENCIÓN DE SERIE |
| Mención de serie |
Biblioteca del estudiante |
| Designación de volumen o secuencia |
60 |
| 500 ## - NOTA GENERAL |
| Nota general |
La biblioteca posee el volumen 2 |
| 504 ## - NOTA DE BIBLIOGRAFÍA, ETC. |
| Nota de bibliografía, etc. |
Incluye referencias bibliográficas y notas al pie de las páginas |
| 504 ## - NOTA DE BIBLIOGRAFÍA, ETC. |
| Nota de bibliografía, etc. |
Bibliografía: p. 277-305 |
| 500 ## - NOTA GENERAL |
| Nota general |
Incluye índice |
| 650 #4 - PUNTO DE ACCESO ADICIONAL DE MATERIA--TÉRMINO DE MATERIA |
| Término de materia o nombre geográfico como elemento de entrada |
Poetas españoles |
| 9 (RLIN) |
36384 |
| 650 #4 - PUNTO DE ACCESO ADICIONAL DE MATERIA--TÉRMINO DE MATERIA |
| Término de materia o nombre geográfico como elemento de entrada |
Poetas españoles |
| Subdivisión general |
Crítica e interpretación |
| 9 (RLIN) |
14275 |
| 650 #4 - PUNTO DE ACCESO ADICIONAL DE MATERIA--TÉRMINO DE MATERIA |
| Término de materia o nombre geográfico como elemento de entrada |
Poetas españoles |
| Subdivisión cronológica |
SIGLO XX |
| Subdivisión general |
Biografías |
| 9 (RLIN) |
41662 |
| 650 #4 - PUNTO DE ACCESO ADICIONAL DE MATERIA--TÉRMINO DE MATERIA |
| Término de materia o nombre geográfico como elemento de entrada |
Poesia española |
| Subdivisión cronológica |
SIGLO XX |
| Subdivisión general |
Colecciones |
| 9 (RLIN) |
39653 |
| 650 #4 - PUNTO DE ACCESO ADICIONAL DE MATERIA--TÉRMINO DE MATERIA |
| Término de materia o nombre geográfico como elemento de entrada |
Literatura española |
| Subdivisión general |
Colecciones |
| 9 (RLIN) |
4174 |
| 830 #0 - PUNTO DE ACCESO ADICIONAL DE SERIE-TÍTULO UNIFORME |
| Título uniforme |
Bitácora ; |
| Nombre de parte o sección de la obra |
Biblioteca del estudiante ; |
| Designación de volumen o secuencia |
60 |
| 9 (RLIN) |
41663 |